[Event "DVM U14w 2014"]
[Site "Regensburg GER"]
[Date "2014.12.29"]
[Round "5"]
[White "Halas, Julia"]
[Black "Moses, Selina"]
[Result "1/2-1/2"]
[Termination "normal"]
[Board "1.1"]
[WhiteElo "1624"]
[BlackElo "1827"]
[WhiteClock "00:05:22"]
[BlackClock "00:16:56"]
[WhiteTeam "SG Leipzig"]
[BlackTeam "SV Muldental Wilkau-Haßlau"]
[PlyCount "59"]
[WhiteFideId "12931810"]
[BlackFideId "12908070"]
[EventCountry "GER"]
[EventRounds "7"]
[EventType "team-swiss"]
[EventDate "2014.12.26"]

1. d4 {[%clk 1:30:58]} d5 {[%clk 1:30:53]} 2. c4 {[%clk 1:31:22]} c6 {[%clk
1:31:18]} 3. Nc3 {[%clk 1:31:38]} Nf6 {[%clk 1:31:39]} 4. Nf3 {[%clk 1:28:32]}
e6 {[%clk 1:31:54]} 5. Bg5 {[%clk 1:28:10]} dxc4 {[%clk 1:31:49]} 6. e4 {[%clk
1:19:22]} b5 {[%clk 1:31:54]} 7. e5 {[%clk 1:19:25]} h6 {[%clk 1:32:14]} 8.
Bxf6 {[%clk 1:19:09]} gxf6 {[%clk 1:32:09]} 9. g3 {[%clk 1:11:38]} f5 {[%clk
1:26:23]} 10. Bg2 {[%clk 1:10:30]} Bb7 {[%clk 1:25:43]} 11. O-O {[%clk
1:06:39]} Qb6 {[%clk 1:23:08]} 12. b3 {[%clk 0:59:15]} cxb3 {[%clk 1:04:39]}
13. Qxb3 {[%clk 0:56:07]} Nd7 {[%clk 1:04:30]} 14. a4 {[%clk 0:42:00]} b4
{[%clk 1:03:03]} 15. a5 {[%clk 0:41:51]} Qc7 {[%clk 0:59:53]} 16. Rfb1 {[%clk
0:37:07]} Rb8 {[%clk 0:44:53]} 17. Ne2 {[%clk 0:25:56]} c5 {[%clk 0:36:23]} 18.
dxc5 {[%clk 0:23:51]} Bxc5 {[%clk 0:36:46]} 19. Ned4 {[%clk 0:08:01]} Nxe5
{[%clk 0:28:53]} 20. Nxe6 {[%clk 0:03:25]} Nxf3+ {[%clk 0:24:20]} 21. Bxf3
{[%clk 0:03:51]} fxe6 {[%clk 0:24:13]} 22. Qxe6+ {[%clk 0:04:19]} Qe7 {[%clk
0:23:54]} 23. Bh5+ {[%clk 0:03:58]} Kf8 {[%clk 0:20:11]} 24. Qxf5+ {[%clk
0:04:18]} Kg8 {[%clk 0:19:52]} 25. Qg6+ {[%clk 0:04:17]} Qg7 {[%clk 0:19:14]}
26. Qe6+ {[%clk 0:04:31]} Kh7 {[%clk 0:15:48]} 27. Qf5+ {[%clk 0:04:56]} Kg8
{[%clk 0:16:09]} 28. Qe6+ {[%clk 0:05:10]} Kh7 {[%clk 0:16:31]} 29. Qf5+ {[%clk
0:05:38]} Kg8 {[%clk 0:16:56]} 30. Qe6+ {[%clk 0:05:22]} 1/2-1/2

[Event "DVM U14w 2014"]
[Site "Regensburg GER"]
[Date "2014.12.29"]
[Round "5"]
[White "Simon, Tessa"]
[Black "Schmidt, Alexandra"]
[Result "1-0"]
[Termination "normal"]
[Board "1.2"]
[WhiteElo "1831"]
[BlackElo "1508"]
[WhiteClock "00:01:43"]
[BlackClock "00:23:39"]
[WhiteTeam "SV Muldental Wilkau-Haßlau"]
[BlackTeam "SG Leipzig"]
[PlyCount "79"]
[WhiteFideId "12929395"]
[BlackFideId "12946036"]
[EventCountry "GER"]
[EventRounds "7"]
[EventType "team-swiss"]
[EventDate "2014.12.26"]

1. e4 {[%clk 1:30:58]} e6 {[%clk 1:30:57]} 2. d4 {[%clk 1:31:19]} d5 {[%clk
1:31:21]} 3. Nc3 {[%clk 1:31:38]} Bb4 {[%clk 1:31:42]} 4. e5 {[%clk 1:31:57]}
c5 {[%clk 1:32:08]} 5. a3 {[%clk 1:32:18]} Bxc3+ {[%clk 1:32:34]} 6. bxc3
{[%clk 1:32:41]} Nc6 {[%clk 1:32:51]} 7. Nf3 {[%clk 1:32:50]} Nge7 {[%clk
1:32:52]} 8. h4 {[%clk 1:33:01]} Bd7 {[%clk 1:33:06]} 9. h5 {[%clk 1:32:59]} h6
{[%clk 1:33:32]} 10. Bd3 {[%clk 1:31:18]} Qa5 {[%clk 1:33:00]} 11. Bd2 {[%clk
1:30:10]} O-O-O {[%clk 1:32:10]} 12. g4 {[%clk 1:18:25]} c4 {[%clk 1:24:09]}
13. Be2 {[%clk 1:17:09]} Rdg8 {[%clk 1:23:05]} 14. Qc1 {[%clk 1:06:04]} Qd8
{[%clk 1:15:38]} 15. Kf1 {[%clk 0:51:41]} Qf8 {[%clk 1:10:47]} 16. g5 {[%clk
0:44:38]} Nf5 {[%clk 1:06:45]} 17. Nh4 {[%clk 0:36:49]} Nce7 {[%clk 1:02:18]}
18. Nxf5 {[%clk 0:31:43]} Nxf5 {[%clk 1:01:01]} 19. Bg4 {[%clk 0:29:25]} hxg5
{[%clk 0:54:34]} 20. Bxf5 {[%clk 0:28:12]} exf5 {[%clk 0:54:05]} 21. Bxg5
{[%clk 0:28:12]} f6 {[%clk 0:53:33]} 22. exf6 {[%clk 0:18:09]} gxf6 {[%clk
0:52:50]} 23. Bf4 {[%clk 0:17:31]} Qg7 {[%clk 0:51:27]} 24. Bg3 {[%clk
0:16:50]} Qg4 {[%clk 0:48:21]} 25. Qf4 {[%clk 0:15:43]} Qxf4 {[%clk 0:46:54]}
26. Bxf4 {[%clk 0:16:05]} Rg4 {[%clk 0:45:30]} 27. Bd6 {[%clk 0:15:50]} Kd8
{[%clk 0:44:18]} 28. f3 {[%clk 0:13:20]} Rg5 {[%clk 0:41:50]} 29. h6 {[%clk
0:12:34]} Ba4 {[%clk 0:39:44]} 30. Re1 {[%clk 0:09:48]} Kd7 {[%clk 0:38:07]}
31. Bc5 {[%clk 0:07:41]} Bc6 {[%clk 0:32:43]} 32. Re7+ {[%clk 0:06:24]} Kd8
{[%clk 0:31:51]} 33. Rg7 {[%clk 0:02:51]} Ke8 {[%clk 0:29:24]} 34. Re7+ {[%clk
0:03:11]} Kd8 {[%clk 0:29:33]} 35. Kf2 {[%clk 0:02:02]} Rg6 {[%clk 0:28:56]}
36. h7 {[%clk 0:01:39]} f4 {[%clk 0:26:38]} 37. Rg1 {[%clk 0:01:19]} Rxg1
{[%clk 0:24:07]} 38. Kxg1 {[%clk 0:01:47]} a6 {[%clk 0:23:53]} 39. Rg7 {[%clk
0:01:45]} Be8 {[%clk 0:23:39]} 40. Bb6+ {[%clk 0:01:43]} 1-0

[Event "DVM U14w 2014"]
[Site "Regensburg GER"]
[Date "2014.12.29"]
[Round "5"]
[White "Oswald, Lena"]
[Black "Fromm, Katja"]
[Result "0-1"]
[Termination "normal"]
[Board "1.3"]
[WhiteElo "1313"]
[BlackElo "1597"]
[WhiteClock "00:12:21"]
[BlackClock "00:39:53"]
[WhiteTeam "SG Leipzig"]
[BlackTeam "SV Muldental Wilkau-Haßlau"]
[PlyCount "48"]
[WhiteFideId "12983314"]
[BlackFideId "12929409"]
[EventCountry "GER"]
[EventRounds "7"]
[EventType "team-swiss"]
[EventDate "2014.12.26"]

1. e4 {[%clk 1:30:58]} c6 {[%clk 1:30:54]} 2. d4 {[%clk 1:31:18]} d5 {[%clk
1:31:19]} 3. exd5 {[%clk 1:31:41]} cxd5 {[%clk 1:31:43]} 4. c4 {[%clk 1:31:53]}
Nf6 {[%clk 1:30:37]} 5. Nc3 {[%clk 1:30:11]} Nc6 {[%clk 1:30:20]} 6. Bg5 {[%clk
1:25:42]} e6 {[%clk 1:21:35]} 7. Nf3 {[%clk 1:10:42]} Be7 {[%clk 1:21:33]} 8.
Bxf6 {[%clk 1:03:36]} Bxf6 {[%clk 1:21:51]} 9. cxd5 {[%clk 1:01:52]} exd5
{[%clk 1:22:06]} 10. g3 {[%clk 1:01:05]} O-O {[%clk 1:22:09]} 11. Qd2 {[%clk
0:47:24]} Bg4 {[%clk 1:20:31]} 12. Be2 {[%clk 0:46:28]} Bxf3 {[%clk 1:12:26]}
13. Bxf3 {[%clk 0:46:41]} Re8+ {[%clk 1:12:49]} 14. Kf1 {[%clk 0:44:41]} Bxd4
{[%clk 1:08:36]} 15. Nxd5 {[%clk 0:41:02]} Re5 {[%clk 0:59:23]} 16. Nc3 {[%clk
0:36:05]} Bxc3 {[%clk 0:57:35]} 17. Qxc3 {[%clk 0:36:07]} Qf6 {[%clk 0:56:04]}
18. Bxc6 {[%clk 0:35:25]} bxc6 {[%clk 0:55:54]} 19. Rc1 {[%clk 0:35:14]} c5
{[%clk 0:52:43]} 20. b4 {[%clk 0:33:11]} Rae8 {[%clk 0:44:24]} 21. bxc5 {[%clk
0:28:14]} Qc6 {[%clk 0:44:42]} 22. Rg1 {[%clk 0:21:20]} Re2 {[%clk 0:40:07]}
23. Qa5 {[%clk 0:14:16]} Qf3 {[%clk 0:39:37]} 24. Rg2 {[%clk 0:12:21]} Rxf2+
{[%clk 0:39:53]} 0-1

[Event "DVM U14w 2014"]
[Site "Regensburg GER"]
[Date "2014.12.29"]
[Round "5"]
[White "Böhle, Rebecca"]
[Black "Kahle, Leonie"]
[Result "1/2-1/2"]
[Termination "normal"]
[Board "1.4"]
[WhiteElo "1332"]
[BlackElo "1365"]
[WhiteClock "00:27:31"]
[BlackClock "00:13:10"]
[WhiteTeam "SV Muldental Wilkau-Haßlau"]
[BlackTeam "SG Leipzig"]
[PlyCount "88"]
[WhiteFideId "12963933"]
[BlackFideId "12983306"]
[EventCountry "GER"]
[EventRounds "7"]
[EventType "team-swiss"]
[EventDate "2014.12.26"]

1. e4 {[%clk 1:30:56]} c5 {[%clk 1:30:54]} 2. c3 {[%clk 1:31:18]} d6 {[%clk
1:31:11]} 3. d4 {[%clk 1:31:38]} cxd4 {[%clk 1:31:03]} 4. cxd4 {[%clk 1:31:57]}
g6 {[%clk 1:31:10]} 5. Nc3 {[%clk 1:32:03]} Bg7 {[%clk 1:31:27]} 6. Nf3 {[%clk
1:32:18]} Nc6 {[%clk 1:31:29]} 7. Bc4 {[%clk 1:31:41]} e6 {[%clk 1:30:51]} 8.
Bf4 {[%clk 1:29:50]} Nge7 {[%clk 1:29:20]} 9. O-O {[%clk 1:28:42]} O-O {[%clk
1:29:10]} 10. a3 {[%clk 1:24:27]} d5 {[%clk 1:22:33]} 11. exd5 {[%clk 1:23:20]}
Nxd5 {[%clk 1:16:50]} 12. Nxd5 {[%clk 1:19:29]} exd5 {[%clk 1:17:07]} 13. Ba2
{[%clk 1:17:08]} Bg4 {[%clk 1:14:48]} 14. Be3 {[%clk 1:12:12]} Qd6 {[%clk
1:02:54]} 15. h3 {[%clk 1:07:02]} Bxf3 {[%clk 0:57:06]} 16. Qxf3 {[%clk
1:05:07]} Nxd4 {[%clk 0:53:54]} 17. Qxd5 {[%clk 1:03:30]} Qxd5 {[%clk 0:53:42]}
18. Bxd5 {[%clk 1:03:48]} Nc2 {[%clk 0:43:46]} 19. Rab1 {[%clk 1:01:40]} Nxe3
{[%clk 0:43:34]} 20. fxe3 {[%clk 1:01:49]} Rab8 {[%clk 0:43:40]} 21. b3 {[%clk
1:01:02]} b6 {[%clk 0:43:09]} 22. a4 {[%clk 0:59:17]} a5 {[%clk 0:36:32]} 23.
Rbd1 {[%clk 0:57:13]} Rbc8 {[%clk 0:32:04]} 24. Bc4 {[%clk 0:56:11]} Be5 {[%clk
0:27:13]} 25. Rd7 {[%clk 0:51:45]} Rc7 {[%clk 0:27:15]} 26. Bxf7+ {[%clk
0:51:11]} Kh8 {[%clk 0:26:15]} 27. Rxc7 {[%clk 0:50:49]} Bxc7 {[%clk 0:26:38]}
28. Bc4 {[%clk 0:50:37]} Rxf1+ {[%clk 0:17:41]} 29. Kxf1 {[%clk 0:50:53]} Kg7
{[%clk 0:18:05]} 30. Ke2 {[%clk 0:50:33]} Kf6 {[%clk 0:18:07]} 31. Kd3 {[%clk
0:47:28]} Ke5 {[%clk 0:17:57]} 32. Bg8 {[%clk 0:47:25]} h6 {[%clk 0:18:18]} 33.
Bf7 {[%clk 0:46:07]} g5 {[%clk 0:18:23]} 34. Bg6 {[%clk 0:45:23]} Bd6 {[%clk
0:16:46]} 35. Kc4 {[%clk 0:44:19]} Bc5 {[%clk 0:16:48]} 36. e4 {[%clk 0:39:39]}
Be7 {[%clk 0:15:54]} 37. Kb5 {[%clk 0:39:25]} Bc5 {[%clk 0:16:08]} 38. Kc6
{[%clk 0:39:25]} Be3 {[%clk 0:14:30]} 39. Kd7 {[%clk 0:38:53]} Bc5 {[%clk
0:14:47]} 40. Ke8 {[%clk 0:38:22]} Kf6 {[%clk 0:14:54]} 41. Bf5 {[%clk
0:37:01]} Bb4 {[%clk 0:13:54]} 42. g4 {[%clk 0:35:47]} Bd6 {[%clk 0:13:07]} 43.
e5+ {[%clk 0:27:21]} Bxe5 {[%clk 0:12:58]} 44. Kf8 {[%clk 0:27:31]} Bd6+ {[%clk
0:13:10]} 1/2-1/2

[Event "DVM U14w 2014"]
[Site "Regensburg GER"]
[Date "2014.12.29"]
[Round "5"]
[White "Wächter, Nathalie"]
[Black "Berelowitsch, Dana"]
[Result "1-0"]
[Termination "normal"]
[Board "2.1"]
[WhiteElo "1843"]
[BlackElo "1324"]
[WhiteClock "00:24:29"]
[BlackClock "00:00:37"]
[WhiteTeam "TuRa Harksheide"]
[BlackTeam "SG Solingen"]
[PlyCount "69"]
[WhiteFideId "12921033"]
[BlackFideId "12977144"]
[EventCountry "GER"]
[EventRounds "7"]
[EventType "team-swiss"]
[EventDate "2014.12.26"]

1. d4 {[%clk 1:30:58]} c5 {[%clk 1:30:51]} 2. d5 {[%clk 1:30:30]} Nf6 {[%clk
1:29:29]} 3. c4 {[%clk 1:30:22]} d6 {[%clk 1:28:16]} 4. h3 {[%clk 1:28:44]} Bf5
{[%clk 1:23:52]} 5. Nc3 {[%clk 1:28:44]} Nbd7 {[%clk 1:22:27]} 6. Nf3 {[%clk
1:28:36]} Nb6 {[%clk 1:16:40]} 7. Bg5 {[%clk 1:25:39]} e5 {[%clk 1:11:04]} 8.
e4 {[%clk 1:20:24]} Bd7 {[%clk 1:09:44]} 9. Be2 {[%clk 1:19:52]} Be7 {[%clk
1:09:35]} 10. O-O {[%clk 1:19:54]} O-O {[%clk 1:09:50]} 11. Nd2 {[%clk
1:15:21]} h6 {[%clk 1:08:10]} 12. Be3 {[%clk 1:15:23]} a6 {[%clk 0:57:53]} 13.
f4 {[%clk 1:13:56]} Qc7 {[%clk 0:54:54]} 14. fxe5 {[%clk 1:13:21]} dxe5 {[%clk
0:54:44]} 15. Qe1 {[%clk 1:11:37]} Nh7 {[%clk 0:48:30]} 16. Qg3 {[%clk
1:09:49]} Bg5 {[%clk 0:47:35]} 17. Bxg5 {[%clk 1:09:18]} Nxg5 {[%clk 0:47:43]}
18. Bg4 {[%clk 1:08:47]} Qd6 {[%clk 0:43:31]} 19. Bxd7 {[%clk 1:07:03]} Nxd7
{[%clk 0:43:45]} 20. Nf3 {[%clk 1:06:20]} Nxf3+ {[%clk 0:43:00]} 21. Rxf3
{[%clk 1:06:36]} Qg6 {[%clk 0:39:33]} 22. Qf2 {[%clk 1:02:53]} b6 {[%clk
0:31:38]} 23. Rf1 {[%clk 1:02:36]} f6 {[%clk 0:24:52]} 24. Rg3 {[%clk 1:01:58]}
Qh7 {[%clk 0:24:20]} 25. Qe2 {[%clk 1:00:01]} Rf7 {[%clk 0:18:58]} 26. Nd1
{[%clk 0:57:42]} f5 {[%clk 0:16:30]} 27. Qh5 {[%clk 0:34:53]} Raf8 {[%clk
0:14:20]} 28. exf5 {[%clk 0:31:03]} Rxf5 {[%clk 0:14:19]} 29. Rxf5 {[%clk
0:31:16]} Rxf5 {[%clk 0:13:52]} 30. Qe8+ {[%clk 0:28:19]} Nf8 {[%clk 0:13:30]}
31. Ne3 {[%clk 0:27:29]} Rf7 {[%clk 0:04:45]} 32. Qxe5 {[%clk 0:27:03]} Qb1+
{[%clk 0:02:35]} 33. Kh2 {[%clk 0:27:10]} Kh8 {[%clk 0:00:36]} 34. Qe8 {[%clk
0:24:25]} Qxa2 {[%clk 0:00:37]} 35. Qxf7 {[%clk 0:24:29]} 1-0

[Event "DVM U14w 2014"]
[Site "Regensburg GER"]
[Date "2014.12.29"]
[Round "5"]
[White "Kublanov, Carolin"]
[Black "Köhler, Inken"]
[Result "0-1"]
[Termination "normal"]
[Board "2.2"]
[WhiteElo "1328"]
[BlackElo "1740"]
[WhiteClock "00:04:04"]
[BlackClock "00:39:41"]
[WhiteTeam "SG Solingen"]
[BlackTeam "TuRa Harksheide"]
[PlyCount "48"]
[WhiteFideId "12944548"]
[BlackFideId "12929301"]
[EventCountry "GER"]
[EventRounds "7"]
[EventType "team-swiss"]
[EventDate "2014.12.26"]

1. d4 {[%clk 1:30:50]} d5 {[%clk 1:30:50]} 2. Nf3 {[%clk 1:31:14]} Nf6 {[%clk
1:31:11]} 3. e3 {[%clk 1:31:22]} Bf5 {[%clk 1:30:39]} 4. Bd3 {[%clk 1:31:24]}
Bg6 {[%clk 1:30:28]} 5. O-O {[%clk 1:30:12]} e6 {[%clk 1:30:13]} 6. b3 {[%clk
1:28:32]} Bd6 {[%clk 1:29:04]} 7. Bb2 {[%clk 1:28:09]} Nbd7 {[%clk 1:27:18]} 8.
Ne5 {[%clk 1:24:25]} Ne4 {[%clk 1:25:03]} 9. f3 {[%clk 1:21:36]} Nef6 {[%clk
1:23:45]} 10. Bxg6 {[%clk 1:19:51]} hxg6 {[%clk 1:24:01]} 11. Nd2 {[%clk
1:17:06]} c6 {[%clk 1:16:17]} 12. Qe2 {[%clk 1:02:39]} Qb6 {[%clk 1:11:35]} 13.
Qd3 {[%clk 0:42:59]} Ke7 {[%clk 1:05:05]} 14. f4 {[%clk 0:37:35]} Rh5 {[%clk
1:03:18]} 15. Rf2 {[%clk 0:19:16]} Rah8 {[%clk 1:00:50]} 16. g4 {[%clk
0:09:02]} Rh4 {[%clk 0:53:18]} 17. Ndf3 {[%clk 0:09:00]} Ne4 {[%clk 0:42:54]}
18. Nxh4 {[%clk 0:09:06]} Nxf2 {[%clk 0:43:17]} 19. Nhxg6+ {[%clk 0:07:44]}
fxg6 {[%clk 0:41:52]} 20. Nxg6+ {[%clk 0:05:50]} Ke8 {[%clk 0:41:12]} 21. Kxf2
{[%clk 0:06:09]} Rxh2+ {[%clk 0:41:00]} 22. Kf3 {[%clk 0:06:31]} Nf6 {[%clk
0:39:35]} 23. Ne5 {[%clk 0:04:42]} Ne4 {[%clk 0:39:24]} 24. c4 {[%clk 0:04:04]}
Rf2# {[%clk 0:39:41]} 0-1

[Event "DVM U14w 2014"]
[Site "Regensburg GER"]
[Date "2014.12.29"]
[Round "5"]
[White "Janke, Luisa"]
[Black "Möller, Laura"]
[Result "1-0"]
[Termination "normal"]
[Board "2.3"]
[WhiteElo "1369"]
[BlackElo "1387"]
[WhiteClock "01:24:54"]
[BlackClock "00:29:57"]
[WhiteTeam "TuRa Harksheide"]
[BlackTeam "SG Solingen"]
[PlyCount "91"]
[WhiteFideId "12925225"]
[BlackFideId "12911720"]
[EventCountry "GER"]
[EventRounds "7"]
[EventType "team-swiss"]
[EventDate "2014.12.26"]

1. Nf3 {[%clk 1:31:22]} Nf6 {[%clk 1:31:20]} 2. d4 {[%clk 1:31:43]} g6 {[%clk
1:31:40]} 3. Bf4 {[%clk 1:31:29]} Bg7 {[%clk 1:31:33]} 4. Nc3 {[%clk 1:31:13]}
d6 {[%clk 1:31:01]} 5. e3 {[%clk 1:30:17]} O-O {[%clk 1:30:16]} 6. Bd3 {[%clk
1:30:12]} Bg4 {[%clk 1:27:42]} 7. O-O {[%clk 1:28:51]} Bxf3 {[%clk 1:25:56]} 8.
Qxf3 {[%clk 1:28:32]} Nc6 {[%clk 1:24:29]} 9. Rfe1 {[%clk 1:24:45]} Nd7 {[%clk
1:21:50]} 10. Be4 {[%clk 1:17:38]} e5 {[%clk 1:14:05]} 11. Bxc6 {[%clk
1:12:33]} bxc6 {[%clk 1:08:53]} 12. dxe5 {[%clk 1:11:18]} dxe5 {[%clk 1:05:10]}
13. Bg3 {[%clk 1:11:15]} c5 {[%clk 1:02:17]} 14. Red1 {[%clk 1:08:58]} Qe7
{[%clk 0:58:56]} 15. Qc6 {[%clk 1:04:29]} Nf6 {[%clk 0:54:19]} 16. Bh4 {[%clk
1:04:07]} Qe6 {[%clk 0:39:49]} 17. Qxc5 {[%clk 1:00:42]} Ne8 {[%clk 0:34:09]}
18. Be7 {[%clk 0:59:35]} f5 {[%clk 0:22:11]} 19. Bxf8 {[%clk 0:57:59]} Bxf8
{[%clk 0:22:44]} 20. Qd5 {[%clk 0:57:53]} Qxd5 {[%clk 0:20:48]} 21. Rxd5 {[%clk
0:58:15]} e4 {[%clk 0:19:34]} 22. Rad1 {[%clk 0:57:43]} Nd6 {[%clk 0:17:16]}
23. Nb5 {[%clk 0:55:34]} c6 {[%clk 0:15:37]} 24. Rxd6 {[%clk 0:54:51]} cxb5
{[%clk 0:11:04]} 25. Rd8 {[%clk 0:54:36]} Rxd8 {[%clk 0:10:33]} 26. Rxd8 {[%clk
0:54:58]} a5 {[%clk 0:08:35]} 27. Rd5 {[%clk 0:54:30]} b4 {[%clk 0:08:19]} 28.
Rxa5 {[%clk 0:54:38]} h5 {[%clk 0:07:28]} 29. Rb5 {[%clk 0:54:01]} Kg7 {[%clk
0:06:11]} 30. Rb6 {[%clk 0:53:58]} Bc5 {[%clk 0:04:07]} 31. Rb5 {[%clk
0:53:45]} Bd6 {[%clk 0:04:15]} 32. Rb6 {[%clk 0:53:51]} Bc5 {[%clk 0:04:11]}
33. Rc6 {[%clk 0:54:01]} Bf8 {[%clk 0:04:10]} 34. c3 {[%clk 0:54:02]} g5 {[%clk
0:02:47]} 35. cxb4 {[%clk 0:53:40]} Bxb4 {[%clk 0:03:03]} 36. a3 {[%clk
0:53:59]} Bd2 {[%clk 0:03:05]} 37. Rc2 {[%clk 0:53:39]} Ba5 {[%clk 0:02:52]}
38. b4 {[%clk 0:53:59]} Bb6 {[%clk 0:03:10]} 39. Rc6 {[%clk 0:54:17]} Bd8
{[%clk 0:03:02]} 40. g3 {[%clk 0:53:56]} g4 {[%clk 0:02:05]} 41. a4 {[%clk
0:54:08]} h4 {[%clk 0:01:27]} 42. a5 {[%clk 0:53:27]} hxg3 {[%clk 0:00:51]} 43.
hxg3 {[%clk 0:53:46]} Be7 {[%clk 0:30:15]} 44. a6 {[%clk 1:24:25]} Bxb4 {[%clk
0:30:20]} 45. a7 {[%clk 1:24:46]} Be7 {[%clk 0:29:57]} 46. a8=Q {[%clk
1:24:54]} 1-0

[Event "DVM U14w 2014"]
[Site "Regensburg GER"]
[Date "2014.12.29"]
[Round "5"]
[White "Bashylina, Luisa"]
[Black "Giede, Anna-Blume"]
[Result "0-1"]
[Termination "normal"]
[Board "2.4"]
[WhiteElo "1006"]
[BlackElo "1471"]
[WhiteClock "01:11:00"]
[BlackClock "00:08:13"]
[WhiteTeam "SG Solingen"]
[BlackTeam "TuRa Harksheide"]
[PlyCount "94"]
[WhiteFideId "12983292"]
[BlackFideId "12921980"]
[EventCountry "GER"]
[EventRounds "7"]
[EventType "team-swiss"]
[EventDate "2014.12.26"]

1. e4 {[%clk 1:30:51]} g6 {[%clk 1:31:26]} 2. d4 c6 {[%clk 1:31:50]} 3. Nf3
{[%clk 1:30:24]} Bg7 {[%clk 1:32:13]} 4. Nc3 {[%clk 1:29:58]} d5 {[%clk
1:32:23]} 5. e5 {[%clk 1:30:08]} f6 {[%clk 1:30:58]} 6. Bf4 {[%clk 1:27:51]}
fxe5 {[%clk 1:20:15]} 7. Bxe5 {[%clk 1:26:30]} Nf6 {[%clk 1:17:41]} 8. Be2
{[%clk 1:22:17]} O-O {[%clk 1:12:16]} 9. Qd2 {[%clk 1:21:05]} Bf5 {[%clk
0:51:35]} 10. Bf4 {[%clk 1:20:45]} Nbd7 {[%clk 0:48:24]} 11. Bh6 {[%clk
1:19:51]} Qc7 {[%clk 0:45:04]} 12. Bxg7 {[%clk 1:19:53]} Kxg7 {[%clk 0:45:28]}
13. h3 {[%clk 1:19:47]} e5 {[%clk 0:36:52]} 14. dxe5 {[%clk 1:17:25]} Nxe5
{[%clk 0:37:06]} 15. O-O-O {[%clk 1:17:25]} b5 {[%clk 0:31:35]} 16. g4 {[%clk
1:17:33]} Be4 {[%clk 0:19:44]} 17. Qe3 {[%clk 1:16:19]} Bxf3 {[%clk 0:16:47]}
18. Bxf3 {[%clk 1:16:10]} Nxf3 {[%clk 0:17:11]} 19. Qxf3 {[%clk 1:16:16]} Ne4
{[%clk 0:17:10]} 20. Qe3 {[%clk 1:16:01]} Nxf2 {[%clk 0:17:02]} 21. Qd4+ {[%clk
1:15:56]} Kg8 {[%clk 0:17:16]} 22. Rhg1 {[%clk 1:14:54]} Nxd1 {[%clk 0:16:59]}
23. Rxd1 {[%clk 1:14:52]} Qf4+ {[%clk 0:17:05]} 24. Qxf4 {[%clk 1:14:39]} Rxf4
{[%clk 0:17:32]} 25. Re1 {[%clk 1:14:50]} Kf7 {[%clk 0:17:22]} 26. Re5 {[%clk
1:14:48]} Re8 {[%clk 0:17:10]} 27. Rxe8 {[%clk 1:14:24]} Kxe8 {[%clk 0:17:37]}
28. Ne2 {[%clk 1:14:33]} Rf6 {[%clk 0:17:04]} 29. Kd2 {[%clk 1:14:39]} Kd7
{[%clk 0:17:09]} 30. Kd3 {[%clk 1:14:40]} Rf3+ {[%clk 0:17:06]} 31. Kd4 {[%clk
1:15:02]} Rxh3 {[%clk 0:16:58]} 32. Nf4 {[%clk 1:15:04]} Rg3 {[%clk 0:16:15]}
33. Nd3 {[%clk 1:15:09]} Rxg4+ {[%clk 0:15:34]} 34. Kc3 {[%clk 1:15:16]} Kd6
{[%clk 0:14:50]} 35. a3 {[%clk 1:14:53]} h5 {[%clk 0:15:00]} 36. Nf2 {[%clk
1:15:00]} Rg3+ {[%clk 0:14:58]} 37. Kb4 {[%clk 1:14:53]} h4 {[%clk 0:14:46]}
38. c3 {[%clk 1:14:20]} h3 {[%clk 0:14:53]} 39. b3 {[%clk 1:13:34]} h2 {[%clk
0:14:47]} 40. c4 {[%clk 1:13:12]} bxc4 {[%clk 0:13:48]} 41. bxc4 {[%clk
1:13:27]} Rg1 {[%clk 0:13:17]} 42. c5+ {[%clk 1:13:40]} Kc7 {[%clk 0:13:31]}
43. a4 {[%clk 1:13:48]} Rf1 {[%clk 0:13:37]} 44. Nd3 {[%clk 1:13:03]} h1=Q
{[%clk 0:12:50]} 45. Ka5 {[%clk 1:12:58]} Qe4 {[%clk 0:09:44]} 46. Nb2 {[%clk
1:12:53]} Kb7 {[%clk 0:08:18]} 47. Nd3 {[%clk 1:11:00]} Rb1 {[%clk 0:08:13]}
0-1

[Event "DVM U14w 2014"]
[Site "Regensburg GER"]
[Date "2014.12.29"]
[Round "5"]
[White "Poetsch, Leonore"]
[Black "Nguyen, Ha Thanh"]
[Result "1/2-1/2"]
[Termination "normal"]
[Board "3.1"]
[WhiteElo "1603"]
[BlackElo "1657"]
[WhiteTeam "SK Langen"]
[BlackTeam "SV Empor Erfurt"]
[PlyCount "136"]
[WhiteFideId "12940372"]
[BlackFideId "12942154"]
[EventCountry "GER"]
[EventRounds "7"]
[EventType "team-swiss"]
[EventDate "2014.12.26"]

1. e4 c5 2. c3 Nf6 3. e5 Nd5 4. d4 cxd4 5. cxd4 e6 6. Nf3 Nc6 7. Be2 d6 8. O-O
Be7 9. Nbd2 O-O 10. Nc4 dxe5 11. dxe5 h6 12. Be3 b6 13. Qb3 Bb7 14. Rfd1 Qc7
15. Rac1 Rac8 16. a3 Rfd8 17. h3 Qb8 18. Bd4 Nf4 19. Qe3 Nxe2+ 20. Qxe2 b5 21.
Nd6 Nxd4 22. Nxd4 Rxc1 23. Rxc1 Bxd6 24. exd6 Qxd6 25. Nxb5 Qb6 26. Nc3 Ba6 27.
Qc2 Bb7 28. b4 Qc6 29. f3 Qb6+ 30. Kh1 Qe3 31. Ne4 Qxa3 32. Rb1 Qa6 33. Nc5 Qb6
34. Nxb7 Qxb7 35. b5 Qb6 36. Qa4 Rb8 37. Ra1 Qxb5 38. Qxa7 Qb7 39. Qd4 Qb2 40.
Qa7 Qb7 41. Qd4 Qc8 42. Qd2 Rb7 43. Rc1 Qb8 44. Qe1 Rb2 45. Rd1 Qb6 46. Rc1 Qf2
47. Qxf2 Rxf2 48. Kg1 Rd2 49. Rc5 Kh7 50. Kh2 Kg6 51. Kg3 Kf6 52. h4 Re2 53. f4
g6 54. Kf3 Rd2 55. g4 Rd5 56. Rc7 Kg7 57. Ke4 Ra5 58. Kf3 Ra3+ 59. Kg2 Ra5 60.
g5 hxg5 61. hxg5 Rd5 62. Kf3 Kf8 63. Ke4 Ke8 64. Rb7 Rd7 65. Rb8+ Ke7 66. Rb6
Rd6 67. Rb7+ Rd7 68. Rb6 Rd6 1/2-1/2

[Event "DVM U14w 2014"]
[Site "Regensburg GER"]
[Date "2014.12.29"]
[Round "5"]
[White "Schulz, Theresa Charlotte"]
[Black "Reinecke, Katharina"]
[Result "0-1"]
[Termination "normal"]
[Board "3.2"]
[WhiteElo "1659"]
[BlackElo "1671"]
[WhiteTeam "SV Empor Erfurt"]
[BlackTeam "SK Langen"]
[PlyCount "80"]
[WhiteFideId "12952206"]
[BlackFideId "12929727"]
[EventCountry "GER"]
[EventRounds "7"]
[EventType "team-swiss"]
[EventDate "2014.12.26"]

1. d4 {[%emt 0:00:00]} d5 2. Nf3 Nf6 3. e3 Bf5 4. c4 e6 5. Nc3 c6 6. Ne5 Nbd7
7. f4 Nxe5 8. fxe5 Ne4 9. Qb3 Qb6 10. Nxe4 Bxe4 11. Rg1 Be7 12. Be2 O-O 13. c5
Qxb3 14. axb3 b6 15. b4 b5 16. Ra6 Rfc8 17. Bg4 Kf8 18. Bd2 Ke8 19. g3 Rc7 20.
Rf1 Bd8 21. Bh5 g6 22. Bg4 h5 23. Bf3 Bf5 24. Kd1 Kd7 25. Ke2 Kc8 26. Bg2 Kb7
27. Rfa1 Bc2 28. R6a3 g5 29. Bf3 g4 30. Bg2 f6 31. exf6 Bxf6 32. Bc3 Rf7 33.
Rf1 Raf8 34. Rf4 Bg5 35. Rxf7+ Rxf7 36. Ra1 Bb3 37. Bd2 Bc4+ 38. Ke1 h4 39. Rc1
h3 40. Bh1 Rf1# 0-1